000 00206nam a2200085 4500
001 1255192
005 20251208101317.0
245 _aAKLIN ŞÜPHESİ SUÇUN GERÇEĞİDİR
_cCUMHUR MISIRLIOĞLU
260 _bMARTI
999 _c1255192
_d1255192